Σχεδιασμός και εφαρμογή συστήματος περιβαλλοντικής διαχείρισης ISO 14001 σε λατομείο αδρανών υλικών : διατριβή
Αποθηκεύτηκε σε:
| Κύριος συγγραφέας: | |
|---|---|
| Συγγραφή απο Οργανισμό/Αρχή: | |
| Άλλοι συγγραφείς: | |
| Μορφή: | Thesis Βιβλίο |
| Γλώσσα: | Greek |
| Δημοσίευση: |
2011
|
| Θέματα: | |
| Διαθέσιμο Online: | http://hdl.handle.net/11610/15125 |
| Ετικέτες: |
Προσθήκη ετικέτας
Δεν υπάρχουν, Καταχωρήστε ετικέτα πρώτοι!
|
MARC
| LEADER | 00000cam a2200000 i 4500 | ||
|---|---|---|---|
| 001 | 1/15776 | ||
| 008 | 111014s2011 gre d | ||
| 035 | |l 10111117 | ||
| 040 | |a GR-MY-UA |b gre |e aacr | ||
| 041 | 0 | |a gre | |
| 082 | 0 | |a 333.7 |2 (22) | |
| 100 | 1 | |a Παναγόπουλος, Κωνσταντίνος Θ. | |
| 245 | 1 | 0 | |a Σχεδιασμός και εφαρμογή συστήματος περιβαλλοντικής διαχείρισης ISO 14001 σε λατομείο αδρανών υλικών : |b διατριβή / |c Παναγόπουλος Κωνσταντίνος ; επιβλέπων καθηγητής: Ευαγγελινός Κωνσταντίνος |
| 260 | |c 2011 | ||
| 300 | |a 259 σ.; |b πιν.; |c 30 εκ. | ||
| 500 | |a Βιβλιογραφία: σ. 258-259 | ||
| 502 | |a Διατριβή (μεταπτυχιακή) – Πανεπιστήμιο Αιγαίου, Λέσβος, 2011. | ||
| 650 | 0 | 0 | |a Best management practices (Pollution prevention) |
| 650 | 0 | 0 | |a Industrial management |x Environmental aspects. |
| 650 | 0 | 0 | |a Environmental protection |x Economic aspects. |
| 650 | 0 | 0 | |a Mineral industries |z Greece. |
| 650 | 0 | 0 | |a Dissertations, Academic |z Greece. |
| 700 | 1 | |a Ευαγγελινός, Κωνσταντίνος. |4 ths | |
| 710 | 2 | |a Πανεπιστήμιο Αιγαίου |b Σχολή Περιβάλλοντος |b Τμήμα Περιβάλλοντος |b Πρόγραμμα Μεταπτυχιακών Σπουδών Περιβαλλοντική Πολιτική και Διαχείριση. | |
| 852 | |a INST |b LESVOS |c DIATR |e 20111014 |h 691 |p 005100051330 |q 005100051330 |t MTXE |y 23 | ||
| 852 | |a INST |b LESVOS |c DIATR |e 20111014 |h 692 |p 005100051331 |q 005100051331 |t MTXE |y 23 | ||
| 856 | |u http://hdl.handle.net/11610/15125 | ||
| 901 | |a BIBL1-2011-3 | ||
| 909 | |a Λ |b 172828 | ||
| 909 | |a Λ |b 172829 | ||
| 924 | |a ΠΑΝΑΓΟΠΟΥΛΟΣ |b ΚΩΝΣΤΑΝΤΙΝΟΣ |y ΛΕΣΒΟΣ |z 2011-05 | ||
| 970 | |a ΤΖΑΦΕΡΗ |b ΕΥΑΓΓΕΛΙΑ |z 2011/10/14 | ||